| 000 | 00490nam a2200133Ia 4500 | ||
|---|---|---|---|
| 008 | 220216s9999 xx 000 0 und d | ||
| 100 | _aDonner J B | ||
| 245 | 0 | _aElastomer matrix and carbon black interactions in rubber compounds | |
| 260 | _bInternational Rubber Conference 1997. Rubber Science and Technology: Improving Quality of Life, Kuala Lumpur, Malaysia 6-9 Oct 1997; p323-327 | ||
| 650 | _aCarbon black | ||
| 650 | _aElastomer matrix | ||
| 650 | _aRubber compounds | ||
| 942 | _cJS | ||
| 999 |
_c58467 _d58467 |
||